Państwa położone na północ od Polski - Statystyki

Ogólne statystyki
  • Ten quiz został rozwiązany 389 razy
  • Średni wynik to 15 z 16
Statystyki odpowiedzi
Kontynent Kraj % Poprawnych
Europa Norwegia
98%
Europa Rosja
98%
Europa Dania
97%
Europa Finlandia
97%
Ameryka Płn Kanada
97%
Europa Litwa
97%
Europa Łotwa
97%
Ameryka Płn Stany Zjednoczone
97%
Europa Szwecja
97%
Europa Estonia
96%
Europa Wielka Brytania
95%
Europa Islandia
93%
Europa Irlandia
92%
Europa Niemcy
91%
Europa Białoruś
83%
Azja Kazachstan
75%
Nie znaleziono quizów pasujących do podanych kryteriów
Rozkład punktacji
Procent ludzi z każdym wynikiem
Percentyl według liczby udzielonych odpowiedzi
Twoja historia wyników
Nie rozwiązałeś tego quizu